Die 10 größten Städte des Vereinigten Königreichs - Statistiken

Allgemein
  • Dieses Quiz wurde 100 mal gespielt
  • Das Durchschnittsergebnis liegt bei 8 aus 10
Antwortstatistiken
Hint Antwort % Korrekt
8.888.608 London
100%
560.392 Manchester
98%
1.161.258 Birmingham
97%
576.561 Liverpool
94%
505.310 Edinburgh
84%
631.690 Glasgow
79%
515.947 Leeds
77%
586.781 Bristol
53%
525.142 Sheffield
47%
487.837 Leicester
32%
Keine übereinstimmenden Quizze gefunden
Verteilung der Resultate
Anzahl Personen mit jedem Resultat
Perzentil nach korrekt beantworteten Fragen
Ihre Resultats-Entwicklung
Sie haben dieses Quiz noch nicht gespielt